[Event "4NCL Hull GM 2021"]
[Site "Hull"]
[Date "2021.10.22"]
[Round "5.5"]
[White "Fodor, Tamas Jr."]
[Black "Jackson, James P"]
[Result "1-0"]
[WhiteElo "2524"]
[BlackElo "2386"]
[Annotator "TA"]
[PlyCount "67"]
[EventDate "2021.10.20"]
[EventType "tourn"]
[EventCountry "ENG"]
[SourceTitle "playchess.com"]
[Source "ChessBase"]
[SourceQuality "1"]

{[%evp 9,67,0,0,6,-4,0,0,0,6,0,17,16,46,46,56,48,47,57,108,66,224,190,273,155,346,368,343,362,347,237,283,250,246,207,250,254,253,185,174,132,147,111,164,172,222,210,202,177,155,164,346,334,539,532,531,524,522,525,517,494]} 1. d4 Nf6 2. c4 e6 3. Nc3 Bb4 4. e3 O-O 5. Bd2 d5 6. Rc1 {E46: Nimzo-Indian: Rubinstein: 4 e3 0-0 5 Ne2 without early Bd3.} b6 7. cxd5 exd5 8. Nf3 {The position is equal.} Re8 9. Bd3 a6 10. Ne5 Bd6 11. f4 Bb7 12. O-O c5 13. Be1 {[#]} c4 $146 ({Black should try} 13... Nbd7 $14) ({Predecessor:} 13... cxd4 14. exd4 Nc6 15. Ne2 Ne7 16. Qb3 b5 17. Kh1 Rc8 18. Bh4 Rxc1 19. Rxc1 Ng6 {0-1 (36) Gupta,A (2581)-Meskovs,N (2557) Chess.com INT 2019}) 14. Bb1 b5 $2 (14... Nbd7 $14) 15. Bh4 $18 Ra7 {[#]} (15... Re6 $142 16. Bf5 Qe8) 16. Rf3 (16. Bxh7+ $1 $18 {[%mdl 512]} Kf8 (16... Kxh7 17. Nxf7) 17. a3 $1) 16... Be7 $2 (16... b4 $16) 17. Bxf6 Bxf6 {[#]} 18. Bxh7+ {[%mdl 512]} Kf8 19. Bb1 Bc8 20. Rf2 b4 21. Ne2 Qb6 22. Ng3 Bh4 23. Qh5 Qh6 24. Qf3 Rd8 25. Rd2 a5 {[#]} (25... Nc6 $16 {was necessary.}) 26. e4 $1 {[%cal Re4d5]} Bxg3 27. hxg3 f6 28. Ng4 Bxg4 29. Qxg4 {And now exd5 would win.} Re7 $2 (29... g6 30. exd5 f5) 30. exd5 Nd7 $2 (30... g6 31. Qxg6 (31. Bxg6 Rg7 $11) 31... Qxg6 32. Bxg6 Rc7) 31. d6 {White is clearly winning.} Rf7 32. Rxc4 f5 33. Bxf5 Qxd6 {[#]} 34. Qh4 $1 {[%cal Rh4d8] Weighted Error Value: White=0.18/Black=0.42} 1-0

[Event "4NCL Hull GM 2021"]
[Site "Hull"]
[Date "2021.10.23"]
[Round "6.1"]
[White "Willow, Jonah B"]
[Black "Jackson, James P"]
[Result "1/2-1/2"]
[WhiteElo "2353"]
[BlackElo "2386"]
[Annotator "ChessBase"]
[PlyCount "51"]
[EventDate "2021.10.20"]
[EventType "tourn"]
[EventCountry "ENG"]
[SourceTitle "playchess.com"]
[Source "ChessBase"]
[SourceQuality "1"]
[TimeControl "5400+30"]

1. e4 {[%emt 0:00:03]} e5 {[%emt 0:00:06]} 2. Nf3 {[%emt 0:00:04]} Nc6 {[%emt 0:00:04]} 3. Bb5 {[%emt 0:00:13]} a6 {[%emt 0:00:23]} 4. Ba4 {[%emt 0:00:04]} Nf6 {[%emt 0:00:56]} 5. O-O {[%emt 0:00:06]} b5 {[%emt 0:01:43]} 6. Bb3 {[%emt 0:00:12]} Bc5 {[%emt 0:00:04]} 7. c3 {[%emt 0:01:34]} d6 {[%emt 0:00:27]} 8. a4 {[%emt 0:00:05]} Rb8 {[%emt 0:00:11]} 9. d4 {[%emt 0:00:13]} Bb6 {[%emt 0:00:05]} 10. a5 {[%emt 0:00:04]} Ba7 {[%emt 0:00:05]} 11. Nbd2 {[%emt 0:04:08]} O-O {[%emt 0:07:25]} 12. Re1 {[%emt 0:34:39]} exd4 {[%emt 0:16:28]} 13. cxd4 {[%emt 0:02:18]} Nxd4 {[%emt 0:00:06]} 14. Nxd4 {[%emt 0:00:05]} Bxd4 {[%emt 0:00:06]} 15. Nf3 {[%emt 0:00:04]} Ba7 {[%emt 0:01:04]} 16. Bg5 {[%emt 0:01:42]} Bb7 {[%emt 0:09:27]} 17. Qc1 {[%emt 0:06:09]} c5 {[%emt 0:10:44]} 18. Qf4 {[%emt 0:08:31]} h6 {[%emt 0:19:07]} 19. Bh4 {[%emt 0:09:27]} c4 {[%emt 0:05:51]} 20. Bc2 {[%emt 0:00:41]} Re8 {[%emt 0:00:19]} 21. Rad1 {[%emt 0:02:49]} Nh5 {[%emt 0:10:57]} 22. Qg4 {[%emt 0:05:52]} Nf6 {[%emt 0:00:07]} 23. Qg3 {[%emt 0:09:39]} Nh5 {[%emt 0:01:52]} 24. Qg4 {[%emt 0:02:37]} Nf6 {[%emt 0:00:12]} 25. Qf4 {[%emt 0:00:55]} Nh5 {[%emt 0:01:12]} 26. Qg4 {[%emt 0:00:44]} 1/2-1/2

[Event "4NCL Hull GM 2021"]
[Site "Hull"]
[Date "2021.10.23"]
[Round "6.2"]
[White "Clarke, Brandon G I"]
[Black "Fodor, Tamas Jr."]
[Result "1/2-1/2"]
[WhiteElo "2442"]
[BlackElo "2524"]
[Annotator "TA"]
[PlyCount "53"]
[EventDate "2021.10.20"]
[EventType "tourn"]
[EventCountry "ENG"]
[SourceTitle "playchess.com"]
[Source "ChessBase"]
[SourceQuality "1"]

{[%evp 28,53,33,33,32,37,30,35,38,7,11,12,22,16,14,16,12,8,156,141,141,151,150,122,107,88,85,70]} 1. e4 {Kritz,L} e6 2. d4 d5 3. Nc3 Bb4 4. e5 c5 5. a3 Bxc3+ 6. bxc3 Ne7 7. Qg4 Qc7 8. Qxg7 Rg8 9. Qxh7 cxd4 10. Ne2 Nbc6 11. f4 dxc3 12. Qd3 d4 13. Nxd4 Nxd4 14. Qxd4 Bd7 15. Rg1 Nf5 {C18: French: 3 Nc3 Bb4: Main line: 7 h4 and 7 Qg4.} 16. Qf2 Qc6 $1 17. Bd3 Qd5 {White is slightly better.} 18. Rb1 {18.Rb1 has lost popularity.} (18. Bxf5 $5 exf5 19. Be3 $14) 18... Bc6 19. Rb3 O-O-O $1 20. Rxc3 {With the idea Rc5.} ({Not} 20. g4 $2 Nd4 $19) 20... Kb8 21. g4 Nd4 {Threatens to win with ...Nf3+.} 22. Rg3 {[#]} a6 $1 $146 {[%mdl 8] [#] A relevant novelty.} (22... Qh1+ $11 {remains equal.} 23. Bf1 Ka8) ({Predecessor:} 22... Qh1+ 23. Bf1 b6 24. Bb2 Be4 25. a4 Rd5 26. Ba3 Rc8 27. Bd6+ Kb7 28. Rxc8 Nf3+ {½-½ (42) Leko,P (2730)-Caruana,F (2775) Dortmund 2012 CBM 150 [Kritz,L]}) 23. Be3 $1 $16 Qh1+ {[#]} 24. Bf1 $1 Nb5 25. Rd3 Rxd3 26. cxd3 Nxa3 27. g5 {Weighted Error Value: White=0.04/Black=0.15} 1/2-1/2

[Event "4NCL Hull GM 2021"]
[Site "Hull"]
[Date "2021.10.23"]
[Round "6.3"]
[White "Murphy, Conor E"]
[Black "Royal, Shreyas"]
[Result "1-0"]
[WhiteElo "2428"]
[BlackElo "2226"]
[Annotator "NA"]
[PlyCount "85"]
[EventDate "2021.10.20"]
[EventType "tourn"]
[EventCountry "ENG"]
[SourceTitle "playchess.com"]
[Source "ChessBase"]
[SourceQuality "1"]
[TimeControl "5400+30"]

1. e4 {[%emt 0:05:18]} e5 {[%emt 0:00:08]} 2. Nf3 {[%emt 0:00:10]} Nc6 {[%emt 0:00:06]} 3. Bb5 {[%emt 0:00:11]} a6 {[%emt 0:00:06]} 4. Ba4 {[%emt 0:00:13]} Nf6 {[%emt 0:00:07]} 5. O-O {[%emt 0:00:09]} Be7 {[%emt 0:00:05]} 6. Re1 {[%emt 0:00:13]} b5 {[%emt 0:00:20]} 7. Bb3 {[%emt 0:00:28]} d6 {[%emt 0:00:14]} 8. c3 {[%emt 0:00:12]} O-O {[%emt 0:00:11]} 9. h3 {[%emt 0:00:05]} Bb7 {[%emt 0:02:01]} 10. d4 {[%emt 0:00:13]} Re8 {[%emt 0:00:27]} 11. Nbd2 {[%emt 0:00:22]} Bf8 {[%emt 0:00:26]} 12. a3 {[%emt 0:00:48]} h6 {[%emt 0:01:20]} 13. Bc2 {[%emt 0:00:13]} Nb8 {[%emt 0:00:21]} 14. b3 {[%emt 0:00:11]} Nbd7 {[%emt 0:00:32]} 15. Bb2 {[%emt 0:00:08]} g6 {[%emt 0:09:07]} 16. Bd3 {[%emt 0:03:09]} Bg7 {[%emt 0:06:46]} 17. dxe5 {[%emt 0:02:17]} dxe5 {[%emt 0:04:47]} 18. Qc2 {[%emt 0:00:45]} Nc5 {[%emt 0:12:09] [#]} (18... c5 $11) 19. Bf1 $1 {[%emt 0:02:28]} Nfd7 {[%emt 0:01:02]} 20. c4 {[%emt 0:08:05]} c6 {[%emt 0:00:12]} 21. Rad1 {[%emt 0:01:29]} Ne6 {[%emt 0:13:05]} 22. b4 {[%emt 0:03:07]} Qe7 {[%emt 0:14:25]} (22... Qc7 $14) 23. Nb3 {[%emt 0:04:53]} Ng5 {[%emt 0:00:26]} (23... f6 $16 {was called for.}) 24. Nxg5 {[%emt 0:12:30]} hxg5 {[%emt 0:00:08]} 25. Bc1 {[%emt 0:00:29]} Nf8 {[%emt 0:02:45]} 26. Nc5 {[%emt 0:03:51]} Bc8 {[%emt 0:01:49]} 27. Be2 {[%emt 0:16:12]} Ne6 {[%emt 0:02:12]} 28. Nxe6 {[%emt 0:02:17]} Bxe6 {[%emt 0:00:08]} 29. Be3 {[%emt 0:00:45]} Bf8 $16 {[%emt 0:05:09]} 30. Bc5 {[%emt 0:06:22]} Qb7 {[%emt 0:00:07]} 31. Bxf8 {[%emt 0:01:40]} Kxf8 {[%emt 0:00:06]} 32. Rd6 {[%emt 0:04:00]} Qc8 {[%emt 0:08:05]} 33. Red1 {[%emt 0:08:52]} Ra7 {[%emt 0:03:14]} 34. Qc3 {[%emt 0:02:34]} Bxc4 {[%emt 0:02:15]} 35. Bxc4 {[%emt 0:01:16]} bxc4 {[%emt 0:00:04]} 36. Qxc4 {[%emt 0:03:27]} Rc7 {[%emt 0:00:09]} 37. Qc1 {[%emt 0:01:24]} g4 {[%emt 0:00:36]} 38. Qg5 {[%emt 0:00:45]} Rce7 {[%emt 0:01:08]} 39. hxg4 {[%emt 0:00:38]} Qa8 {[%emt 0:01:42]} 40. Qf6 {[%emt 0:01:25]} Kg8 {[%emt 0:00:10]} 41. R1d3 {[%emt 0:00:23]} Re6 {[%emt 0:01:38]} 42. Rxe6 {[%emt 0:00:16]} fxe6 {[%emt 0:00:03]} 43. Rd7 {[%emt 0:00:22]} 1-0

[Event "4NCL Hull GM 2021"]
[Site "Hull"]
[Date "2021.10.23"]
[Round "6.4"]
[White "Wadsworth, Matthew J"]
[Black "Turner, Matthew J"]
[Result "0-1"]
[WhiteElo "2425"]
[BlackElo "2471"]
[Annotator "ChessBase"]
[PlyCount "144"]
[EventDate "2021.10.20"]
[EventType "tourn"]
[EventCountry "ENG"]
[SourceTitle "playchess.com"]
[Source "ChessBase"]
[SourceQuality "1"]
[TimeControl "5400+30"]

1. c4 {[%emt 0:05:43]} Nf6 {[%emt 0:00:08]} 2. g3 {[%emt 0:00:15]} e6 {[%emt 0:00:20]} 3. Bg2 {[%emt 0:00:12]} d5 {[%emt 0:00:06]} 4. Nf3 {[%emt 0:00:09]} Be7 {[%emt 0:00:22]} 5. O-O {[%emt 0:00:09]} O-O {[%emt 0:00:06]} 6. b3 {[%emt 0:00:03]} b6 {[%emt 0:01:19]} 7. Bb2 {[%emt 0:00:07]} Bb7 {[%emt 0:00:05]} 8. e3 {[%emt 0:00:09]} c5 {[%emt 0:00:28]} 9. Nc3 {[%emt 0:00:29]} Qc8 {[%emt 0:01:15]} 10. Qe2 {[%emt 0:04:12]} Ne4 {[%emt 0:07:42]} 11. d3 {[%emt 0:02:43]} Nxc3 {[%emt 0:00:18]} 12. Bxc3 {[%emt 0:00:02]} Nd7 {[%emt 0:00:46]} 13. Rfd1 {[%emt 0:06:10]} Bf6 {[%emt 0:00:34]} 14. Bxf6 {[%emt 0:00:27]} Nxf6 {[%emt 0:00:05]} 15. Rac1 {[%emt 0:00:43]} dxc4 {[%emt 0:03:50]} 16. Rxc4 {[%emt 0:01:51]} Bd5 {[%emt 0:01:22]} 17. Rh4 {[%emt 0:09:51]} a5 {[%emt 0:07:59]} 18. e4 {[%emt 0:05:38]} Bb7 {[%emt 0:00:27]} 19. e5 {[%emt 0:01:49]} Nd7 {[%emt 0:00:29]} 20. Ng5 {[%emt 0:03:15]} h6 {[%emt 0:00:24]} 21. Ne4 {[%emt 0:00:06]} Bxe4 {[%emt 0:00:39]} 22. Bxe4 {[%emt 0:03:27]} Ra7 {[%emt 0:00:18]} 23. f4 {[%emt 0:02:35]} f5 {[%emt 0:02:26]} 24. Bg2 {[%emt 0:01:28]} a4 {[%emt 0:00:54]} 25. g4 {[%emt 0:01:39]} axb3 {[%emt 0:05:01]} 26. axb3 {[%emt 0:00:01]} Qd8 {[%emt 0:23:51]} 27. Rh5 {[%emt 0:01:02]} Kh7 {[%emt 0:00:39]} 28. gxf5 {[%emt 0:01:39]} exf5 {[%emt 0:00:07]} 29. Rh3 {[%emt 0:02:53]} Qe7 {[%emt 0:15:36]} 30. Qf3 {[%emt 0:11:15]} Rd8 {[%emt 0:02:14]} 31. Qh5 {[%emt 0:07:13]} Qe6 {[%emt 0:00:33]} 32. d4 {[%emt 0:00:05]} cxd4 {[%emt 0:00:28]} 33. Bf1 {[%emt 0:02:44]} Nc5 {[%emt 0:03:29]} 34. Bc4 {[%emt 0:00:24]} Qg6+ {[%emt 0:00:28]} 35. Qxg6+ {[%emt 0:00:07]} Kxg6 {[%emt 0:00:04]} 36. Rg3+ {[%emt 0:00:06]} Kh7 {[%emt 0:00:07]} 37. b4 {[%emt 0:00:16]} b5 {[%emt 0:10:54]} 38. Bd3 {[%emt 0:07:27]} Ne4 {[%emt 0:01:35]} 39. Rg2 {[%emt 0:00:37]} g6 {[%emt 0:00:41]} 40. Rc2 {[%emt 0:01:46]} Nc3 {[%emt 0:00:53]} 41. Re1 {[%emt 0:01:03]} Kg7 {[%emt 0:02:16]} 42. h4 {[%emt 0:02:08]} h5 {[%emt 0:00:41]} 43. Kh2 {[%emt 0:01:22]} Nd5 {[%emt 0:04:29]} 44. Bxb5 {[%emt 0:02:37]} Nxf4 {[%emt 0:01:19]} 45. Kg3 {[%emt 0:08:10]} d3 {[%emt 0:00:42]} 46. Rc4 {[%emt 0:04:30]} Ne2+ {[%emt 0:01:06]} 47. Kf2 {[%emt 0:00:35]} Nd4 {[%emt 0:01:02]} 48. Rc5 {[%emt 0:01:49]} Ra2+ {[%emt 0:00:44]} 49. Kg3 {[%emt 0:00:09]} f4+ {[%emt 0:00:59]} 50. Kxf4 {[%emt 0:00:49]} Ne6+ {[%emt 0:01:34]} 51. Ke4 {[%emt 0:00:06]} Nxc5+ {[%emt 0:00:54]} 52. bxc5 {[%emt 0:00:01]} d2 {[%emt 0:00:14]} 53. Rd1 {[%emt 0:00:07]} Rc2 {[%emt 0:00:32]} 54. e6 {[%emt 0:00:43]} Kf6 {[%emt 0:00:05]} 55. Bd7 {[%emt 0:01:55]} Rxc5 {[%emt 0:00:04]} 56. Rxd2 {[%emt 0:00:26]} Re5+ {[%emt 0:00:10]} 57. Kf4 {[%emt 0:01:02]} Rxe6 {[%emt 0:01:43]} 58. Rd3 {[%emt 0:00:17]} Rb6 {[%emt 0:00:43]} 59. Bb5 {[%emt 0:00:26]} Rxd3 {[%emt 0:00:14]} 60. Bxd3 {[%emt 0:00:00]} Rb4+ {[%emt 0:00:32]} 61. Be4 {[%emt 0:00:02]} Ra4 {[%emt 0:00:15]} 62. Kf3 {[%emt 0:00:29]} Ra3+ {[%emt 0:00:09]} 63. Kg2 {[%emt 0:00:32]} Re3 {[%emt 0:00:54]} 64. Bb1 {[%emt 0:00:09]} Rb3 {[%emt 0:00:28]} 65. Be4 {[%emt 0:00:02]} Re3 {[%emt 0:00:05]} 66. Bb1 {[%emt 0:00:09]} g5 {[%emt 0:00:09]} 67. hxg5+ {[%emt 0:00:12]} Kxg5 {[%emt 0:00:06]} 68. Kf2 {[%emt 0:00:05]} Kf4 {[%emt 0:00:14]} 69. Ba2 {[%emt 0:00:24]} h4 {[%emt 0:00:13]} 70. Bc4 {[%emt 0:00:51]} h3 {[%emt 0:00:12]} 71. Bf1 {[%emt 0:00:26]} Rf3+ {[%emt 0:00:36]} 72. Kg1 {[%emt 0:00:19]} Kg3 {[%emt 0:00:09]} 0-1

[Event "4NCL Hull GM 2021"]
[Site "Hull"]
[Date "2021.10.23"]
[Round "6.5"]
[White "Davies, Nigel R"]
[Black "Czopor, Maciej"]
[Result "1/2-1/2"]
[WhiteElo "2475"]
[BlackElo "2411"]
[Annotator "ChessBase"]
[PlyCount "101"]
[EventDate "2021.10.20"]
[EventType "tourn"]
[EventCountry "ENG"]
[SourceTitle "playchess.com"]
[Source "ChessBase"]
[SourceQuality "1"]
[TimeControl "5400+30"]

1. Nf3 {[%emt 0:00:08]} Nf6 {[%emt 0:00:07]} 2. c4 {[%emt 0:00:07]} e6 {[%emt 0:00:12]} 3. g3 {[%emt 0:00:10]} d5 {[%emt 0:00:05]} 4. Bg2 {[%emt 0:00:09]} d4 {[%emt 0:01:25]} 5. O-O {[%emt 0:02:10]} c5 {[%emt 0:00:18]} 6. d3 {[%emt 0:04:38]} Nc6 {[%emt 0:00:22]} 7. e4 {[%emt 0:00:33]} dxe3 {[%emt 0:07:16]} 8. fxe3 {[%emt 0:05:55]} Be7 {[%emt 0:01:32]} 9. Nc3 {[%emt 0:00:08]} O-O {[%emt 0:01:14]} 10. b3 {[%emt 0:07:59]} Qc7 {[%emt 0:14:08]} 11. Bb2 {[%emt 0:00:16]} Rd8 {[%emt 0:00:40]} 12. Qe2 {[%emt 0:01:12]} a6 {[%emt 0:07:57]} 13. Rad1 {[%emt 0:02:55]} b5 {[%emt 0:02:55]} 14. cxb5 {[%emt 0:06:58]} axb5 {[%emt 0:00:04]} 15. Nxb5 {[%emt 0:00:07]} Qb6 {[%emt 0:00:04]} 16. Nc3 {[%emt 0:01:42]} Ba6 {[%emt 0:01:11]} 17. Ng5 {[%emt 0:05:26]} Ra7 {[%emt 0:03:17]} 18. Na4 {[%emt 0:09:05]} Qc7 {[%emt 0:03:39]} 19. Bxf6 {[%emt 0:02:35]} Bxf6 {[%emt 0:01:17]} 20. Ne4 {[%emt 0:02:06]} Be7 {[%emt 0:00:52]} 21. Naxc5 {[%emt 0:02:00]} Nb4 {[%emt 0:00:17]} 22. Nxa6 {[%emt 0:01:24]} Rxa6 {[%emt 0:00:05]} 23. a4 {[%emt 0:00:10]} f5 {[%emt 0:00:34]} 24. Nf2 {[%emt 0:00:06]} Qc3 {[%emt 0:05:49]} 25. Rb1 {[%emt 0:07:31]} Nxd3 {[%emt 0:01:10]} 26. Nxd3 {[%emt 0:03:11]} Qxd3 {[%emt 0:01:41]} 27. Qxd3 {[%emt 0:02:11]} Rxd3 {[%emt 0:00:06]} 28. e4 {[%emt 0:00:07]} g6 {[%emt 0:02:34]} 29. Rfd1 {[%emt 0:00:43]} Rc3 {[%emt 0:04:36]} 30. exf5 {[%emt 0:01:01]} gxf5 {[%emt 0:00:18]} 31. Bf1 {[%emt 0:00:06]} Rb6 {[%emt 0:02:53]} 32. Bc4 {[%emt 0:00:09]} Bb4 {[%emt 0:01:02]} 33. a5 {[%emt 0:05:14]} Bxa5 {[%emt 0:00:30]} 34. Ra1 {[%emt 0:00:06]} Bb4 {[%emt 0:02:46]} 35. Rd7 {[%emt 0:00:21]} Bc5+ {[%emt 0:01:55]} 36. Kh1 {[%emt 0:00:23]} Rb8 {[%emt 0:03:45]} 37. Bxe6+ {[%emt 0:00:12]} Kh8 {[%emt 0:01:10]} 38. Rf1 {[%emt 0:00:58]} Rf8 {[%emt 0:00:43]} 39. Bxf5 {[%emt 0:06:33]} Rxb3 {[%emt 0:00:08]} 40. Rxh7+ {[%emt 0:00:13]} Kg8 {[%emt 0:00:03]} 41. Rc7 {[%emt 0:00:29]} Rb5 {[%emt 0:00:13]} 42. g4 {[%emt 0:00:36]} Rd8 {[%emt 0:02:10]} 43. Bd7 {[%emt 0:09:09]} Bd6 {[%emt 0:00:58]} 44. Be6+ {[%emt 0:02:13]} Kh8 {[%emt 0:00:04]} 45. Rc3 {[%emt 0:02:24]} Rb2 {[%emt 0:00:53]} 46. Rh3+ {[%emt 0:00:08]} Kg7 {[%emt 0:00:03]} 47. g5 {[%emt 0:04:53]} Bf4 {[%emt 0:01:13]} 48. Bf5 {[%emt 0:05:14]} Rdd2 {[%emt 0:04:36]} 49. g6 {[%emt 0:01:15]} Rxh2+ {[%emt 0:01:15]} 50. Rxh2 {[%emt 0:00:04]} Bxh2 {[%emt 0:02:41]} 51. Rb1 {[%emt 0:00:23]} 1/2-1/2

[Event "4NCL Hull GM 2021"]
[Site "Hull"]
[Date "2021.10.23"]
[Round "7.1"]
[White "Czopor, Maciej"]
[Black "Willow, Jonah B"]
[Result "1/2-1/2"]
[WhiteElo "2411"]
[BlackElo "2353"]
[Annotator "TA"]
[PlyCount "89"]
[EventDate "2021.10.20"]
[EventType "tourn"]
[EventCountry "ENG"]
[SourceTitle "playchess.com"]
[Source "ChessBase"]
[SourceQuality "1"]

{[%evp 15,89,0,0,0,13,0,3,0,0,0,21,14,14,0,0,0,17,17,14,0,16,10,12,16,15,18,45,25,49,35,36,31,29,28,33,50,43,32,50,38,66,69,77,27,89,85,89,81,83,89,67,60,57,0,7,0,0,0,0,0,0,0,50,16,89,0,0,0,0,0,0,0,0,0,0,0]} 1. e4 e5 2. Nf3 Nc6 3. Bc4 Bc5 4. c3 Nf6 5. d4 exd4 6. e5 d5 7. Bb5 Ne4 8. cxd4 Bb6 9. Nc3 {C54: Giuoco Piano: 4 c3 Nf6, main lines with 5 d4 and 5 d3.} Bg4 10. Be3 O-O 11. h3 Bh5 12. Qc2 Bg6 13. Qb3 Ne7 14. O-O c6 {[#] And now ...Nxc3 would win.} 15. Bd3 Nd2 16. Nxd2 {Black must now prevent Bxg6.} Bxd3 17. Rfe1 Bg6 18. Na4 Nf5 19. Nf3 (19. Qc3 {with more complications.} Re8 20. Rac1 Nxe3 21. Rxe3 Qc8 22. a3) 19... Nxe3 20. Rxe3 {[#]} f6 $146 ({Predecessor:} 20... Be4 21. Rd1 Kh8 22. Nd2 Bg6 23. Qc3 Rc8 24. b4 f6 25. e6 Rc7 26. Nxb6 axb6 {½-½ (52) Lomasov,S (2559)-Goganov,A (2572) Sochi 2018}) 21. Nxb6 Qxb6 22. exf6 gxf6 23. Qc3 Rae8 24. Rae1 Re4 25. Rxe4 dxe4 26. Nd2 f5 27. Nc4 Qd8 28. Ne5 Qd5 29. Qg3 (29. Qb4 {is more complex.} b6 30. Rc1 Rf6 31. Qc3 Be8 32. Qg3+) 29... Qxd4 (29... Rf6 $11 {remains equal.}) 30. Nxg6 $16 hxg6 31. Qxg6+ $11 {[%mdl 4096] Endgame KQR-KQR} Qg7 32. Qe6+ Qf7 33. Qh6 Qf6 34. Qf4 Qxb2 35. Re3 {[#] Strongly threatening Rg3+.} Rf7 36. Rg3+ Rg7 37. Rxg7+ Qxg7 38. Qxf5 {KQ-KQ} Qe7 39. h4 Kh8 (39... Kg7 $11 {keeps the balance.}) 40. Qf4 (40. Kf1 $16) 40... c5 {The position is equal.} 41. h5 c4 42. Qh6+ Kg8 43. Qg6+ Kh8 44. Qh6+ Kg8 45. Qg6+ {Weighted Error Value: White=0.09/Black=0.12} 1/2-1/2

[Event "4NCL Hull GM 2021"]
[Site "Hull"]
[Date "2021.10.23"]
[Round "7.2"]
[White "Turner, Matthew J"]
[Black "Davies, Nigel R"]
[Result "1/2-1/2"]
[WhiteElo "2471"]
[BlackElo "2475"]
[Annotator "ChessBase"]
[PlyCount "20"]
[EventDate "2021.10.20"]
[EventType "tourn"]
[EventCountry "ENG"]
[SourceTitle "playchess.com"]
[Source "ChessBase"]
[SourceQuality "1"]
[TimeControl "5400+30"]

1. d4 {[%emt 0:00:09]} Nf6 {[%emt 0:00:07]} 2. Nf3 {[%emt 0:00:09]} e6 {[%emt 0:00:15]} 3. g3 {[%emt 0:00:11]} d5 {[%emt 0:00:10]} 4. Bg2 {[%emt 0:00:12]} Be7 {[%emt 0:00:06]} 5. O-O {[%emt 0:00:20]} O-O {[%emt 0:00:06]} 6. c4 {[%emt 0:00:33]} c6 {[%emt 0:00:06]} 7. Nbd2 {[%emt 0:02:08]} b6 {[%emt 0:00:12]} 8. Qc2 {[%emt 0:00:18]} Bb7 {[%emt 0:00:24]} 9. e4 {[%emt 0:00:24]} Na6 {[%emt 0:00:12]} 10. b3 {[%emt 0:01:30]} c5 {[%emt 0:06:06]} 1/2-1/2

[Event "4NCL Hull GM 2021"]
[Site "Hull"]
[Date "2021.10.23"]
[Round "7.3"]
[White "Royal, Shreyas"]
[Black "Wadsworth, Matthew J"]
[Result "0-1"]
[WhiteElo "2226"]
[BlackElo "2425"]
[Annotator "TA"]
[PlyCount "92"]
[EventDate "2021.10.20"]
[EventType "tourn"]
[EventCountry "ENG"]
[SourceTitle "playchess.com"]
[Source "ChessBase"]
[SourceQuality "1"]

{[%evp 18,92,47,41,45,47,34,39,47,33,58,35,45,45,46,46,49,29,39,10,14,0,0,0,3,-8,0,0,0,0,41,35,43,28,30,0,0,-61,-67,-110,-108,-120,-104,-111,-90,-128,-133,-106,-69,-78,-127,-96,-14,-97,-95,-118,-104,-115,-113,-197,-183,-442,-434,-1109,-1108,-1063,-1060,-1059,-1008,-1241,-1206,-1439,-1049,-29970,-12389,-1610,-1378]} 1. d4 Nf6 2. c4 c5 3. d5 e6 4. Nc3 exd5 5. cxd5 d6 6. Nf3 g6 7. Bf4 a6 8. a4 Bg7 9. h3 O-O 10. e3 Qe7 {A61: Modern Benoni: Nf3 without early e4.} 11. Be2 Nbd7 12. O-O Ne8 {White is slightly better.} 13. Re1 Rb8 14. e4 Ne5 15. Nxe5 Bxe5 16. Qd2 Bd7 17. Bxe5 Qxe5 {[#]} 18. Rad1 $146 ({Predecessor:} 18. f4 Qd4+ 19. Qxd4 cxd4 20. Nb1 b5 21. a5 Rc8 22. Bd3 Nf6 23. Nd2 Nh5 24. Rf1 {1-0 (44) Assaubayeva,B (2364)-Nagy,G (2502) Balatonlelle 2020}) 18... g5 $1 19. Bf1 b5 20. axb5 axb5 21. Re3 Ng7 22. b4 h6 23. g3 h5 24. Ne2 g4 25. hxg4 hxg4 26. Nf4 c4 27. Be2 (27. Ne2 $11) 27... Ra8 $15 28. Qe1 Ra2 29. Kg2 Rfa8 30. Qh1 Qg5 31. Re1 {[#]} Ne8 $1 32. Bd1 R8a3 33. Rxa3 Rxa3 34. Bc2 Nf6 ({Better is} 34... Qe5 $17 {Hoping for ...Ra2.} 35. Qh4 Ra2) 35. Qh2 (35. Ra1 $11 Rxa1 36. Qxa1) 35... Ra2 ({Don't blunder} 35... Qg7 $2 36. e5 $18) 36. Rh1 {[%csl Gh1][%cal Rh2h8] [#]} Kf8 $1 $36 {[%mdl 2048] Keeping White busy.} 37. Qh8+ Ke7 38. Bb1 (38. Rc1 $17 {might work better.}) 38... Rb2 $19 {...Qe5 is the strong threat.} 39. e5 $2 (39. Re1 {was worth a try.} Qe5 40. Kg1) 39... Qxe5 {Threatens to win with ...Rxb1!} 40. Qg7 {[#]} (40. Bh7 $142 Ne4 41. Qxe5+ dxe5 42. d6+ Nxd6 43. Nd5+ Kd8 44. Rd1) 40... Rxf2+ $3 {[%mdl 512]} 41. Kxf2 Ne4+ {[%mdl 64] Discovered Attack} 42. Bxe4 Qxg7 43. Ne2 Qf6+ 44. Ke3 Bf5 45. Bg2 Qe5+ 46. Kf2 Qb2 {Weighted Error Value: White=0.61/Black=0.18} 0-1

[Event "4NCL Hull GM 2021"]
[Site "Hull"]
[Date "2021.10.23"]
[Round "7.4"]
[White "Fodor, Tamas Jr."]
[Black "Murphy, Conor E"]
[Result "1/2-1/2"]
[WhiteElo "2524"]
[BlackElo "2428"]
[Annotator "TA"]
[PlyCount "62"]
[EventDate "2021.10.20"]
[EventType "tourn"]
[EventCountry "ENG"]
[SourceTitle "playchess.com"]
[Source "ChessBase"]
[SourceQuality "1"]

{[%evp 22,62,27,4,11,17,19,0,10,4,17,15,60,60,104,76,97,0,0,0,117,83,77,18,54,24,34,24,41,30,53,45,68,8,30,0,0,0,19,0,0,0,17]} 1. d4 d5 2. c4 e6 3. Nc3 Nf6 4. cxd5 exd5 5. Bg5 c6 6. Qc2 h6 7. Bh4 Be7 8. e3 O-O 9. Bd3 Re8 10. Nge2 a5 11. O-O Nbd7 12. f3 b5 {D36: Queen's Gambit Declined: Exchange Variation: Main line (5 Bg5 c6 6 Qc2).} 13. e4 dxe4 14. fxe4 Ng4 15. Bxe7 Qxe7 {[#]} 16. Qd2 $146 ({Predecessor:} 16. Rf3 Nc5 17. h3 Nxd3 18. Qxd3 b4 19. Na4 Nf6 20. e5 Ba6 21. Qc2 Bxe2 22. Qxe2 {0-1 (35) Grego,L (2025)-Rodrigues,P ICCF email 2010}) 16... b4 17. Na4 Ba6 (17... Qh4 18. Qf4 $16) 18. Bxa6 Rxa6 {[#]} 19. e5 (19. Qd3 $1 $16) 19... c5 $1 $11 {[%cal Rc5d4]} 20. h3 Ngf6 21. Nf4 {aiming for Qd3.} ({Of course not} 21. exf6 $6 Qxe2 22. Qxe2 Rxe2 $11) 21... Nh7 {and if ...cxd4 works, Black does fine.} 22. Qd3 (22. Nd5 $16 Qd8 23. dxc5 (23. Nxc5 Nxc5 24. dxc5 Ng5 $16)) 22... Ra7 23. Rae1 $1 {Threatens to win with e6.} cxd4 24. Qxd4 Ndf8 {[%cal Bd7f8,Bf8e6,Be6d4][%mdl 32]} 25. Nd5 Qd7 26. Nab6 $36 {[%mdl 2048] White fights for an advantage.} Ne6 27. Qc4 ({Reject} 27. Nxd7 Nxd4 28. N7b6 Nc6 $11) ({Better is} 27. Qd3 $14 Qb7 28. Rd1) 27... Qd8 28. Qc6 Nd4 {The position is equal.} 29. Qc4 Ne6 30. Qc6 Nd4 31. Qc4 Ne6 $1 {Weighted Error Value: White=0.21/Black=0.14} 1/2-1/2